000 00603cam a22002053a 4500
001 44209
003 PGUSA
005 20140828084017.0
008 131117s2013||||xxu|||||s|||||000 | eng d
040 _aPGUSA
_beng
042 _adc
100 1 _aLea, Henry Charles,
_d1825-1909
245 1 2 _aA History of the Inquisition of Spain; vol. 4
_h[electronic resource] /
_cHenry Charles Lea
260 _bProject Gutenberg,
_c2013
506 _aPublic domain in the USA.
516 _aElectronic text
830 0 _aProject Gutenberg
_v44209
856 4 0 _uhttp://www.gutenberg.org/ebooks/44209
942 _cEB
999 _c273460
_d273460